Statistics for Communes of Réunion

Click here to take the quiz!

General Stats

  • This quiz has been taken 13 times
  • The average score is 13 of 24

Answer Stats

HintCommunes% Correct
Saint-Denis
100%
.Saint-Pierre
90%
.Cilaos
80%
.La Possession
80%
.Le Port
80%
.Sainte-Marie
80%
.Saint-Paul
80%
.Saint-Philippe
70%
.Le Tampon
60%
.Saint-Benoît
60%
.Sainte-Rose
60%
.Salazie
60%
.Saint-André
50%
.Saint-Joseph
50%
.Saint-Leu
50%
.Saint-Louis
50%
.Entre-Deux
40%
Les Avirons
40%
.Petite-Île
40%
.Bras-Panon
30%
.La Plaine-des-Palmistes
30%
.Sainte-Suzanne
30%
.L'Étang-Salé
20%
.Les-Trois-Bassins
10%

Score Distribution

Percentile by Number Answered

Percent of People with Each Score

Your Score History

You have not taken this quiz